| 000 | 01187nam0a22002531 4500 | ||
|---|---|---|---|
| 001 | rc\4782863 | ||
| 005 | 20260407130953.0 | ||
| 021 |
_aRU _b[60-52896] |
||
| 035 | _a(NLR Aleph) 009030493 | ||
| 090 |
_a9486101 _c9486101 |
||
| 100 | _a20130417d1960 |||y0rusy50 ca | ||
| 101 | 0 | _arus | |
| 102 | _aRU | ||
| 105 | _ay z ||||| | ||
| 200 | 1 |
_aНормы продолжительности строительства жилых зданий в городах и рабочих поселках _eСН-88-60 _e(Взамен Н-135-56) _e[Вводятся в действие с 1 июля 1960 г.] _fГлавмосстрой при Мосгорисполкоме. Техн. упр. |
|
| 210 |
_aМосква _cНИИМосстрой _d1960 |
||
| 215 |
_a9 с. _d22 |
||
| 608 |
_aСтроительные нормы и правила _2psbo |
||
| 712 | 0 | 2 |
_aМосковское главное управление по жилищному и гражданскому строительству _bТехническое управление _3RU\NLR\AUTH\889980105 _9456499 |
| 801 | 0 |
_aRU _bNLR _gpsbo |
|
| 801 | 1 |
_aRU _bELAR _2rusmarc |
|
| 852 |
_aNLR _jПт 80/117-88-60 |
||
| 942 | _cBOOK | ||
| 980 | _aNB | ||